| LEADER 01174nam 2200277 a 4500 |
| 001 12334105844 |
| 003 ULIB |
| 008 030417s2551 th a sb 001 0 tha |
| 020 ^a978-974-040921-2
|
| 060 4 ^aWA695^bน199 2551
|
| 100 0 ^aมูลนิธิสาธารณสุขแห่งชาติ
|
| 245 10 ^aนโยบายสาธารณะเพื่อคุณภาพชีวิตที่ดี : /^cมูลนิธิสาธารณสุขแห่งชาติ
|
| 250 ^aพิมพ์ครั้งที่ 1
|
| 260 ^aกรุงเทพฯ :^bที.เค.พริ้นติ้ง,^c2551
|
| 300 ^a182 หน้า
|
| 650 7 ^aคุณภาพชีวิต^xไทย
|
| 650 7 ^aกระบวนการ
|
| 650 7 ^aนโยบายของรัฐ^xไทย
|
| 700 ^aนโยบายสาธารณสุข^xไทย
|
| 913 ^aImported by ULIBM Administrator
|
| 949 ^aImport form external file by ULIBM system
|
| 999 ^aอรทัย
|